000 00769cam a2200229 a 4500
001 3944299
005 20180227093208.0
008 931119s1994 njua b 001 0 eng
010 _a 93044540
020 _a0205142532 (acidfree paper)
040 _aDLC
_cDLC
_dDLC
041 _aeng
080 _a658.5 STO
082 0 0 _a658.5 STO
_220
100 1 _a54
101 _aMEN
245 1 0 _aOperations strategy :
_cPeter W. Stonebraker, G. Keong Leong.
504 _aIncludes bibliographical references and indexes.
906 _a7
_bcbc
_corignew
_d1
_eocip
_f19
_gy-gencatlg
942 _2ddc
_cBK
999 _c43655
_d43655